[Event "Titled Tuesday intern op 09th Jul Early"]
[Site "Chess.com INT"]
[Date "2024.07.09"]
[Round "5"]
[White "Navia Alvarez, Edwin Adrian"]
[Black "Dmitrenko, Viktor"]
[Result "1-0"]
[WhiteElo "2053"]
[BlackElo "2395"]
[PlyCount "69"]
[EventDate "2024.07.09"]
[EventType "swiss (blitz)"]
[EventRounds "11"]
[EventCountry "USA"]
[SourceTitle "EXT 2025"]
[Source "ChessBase"]
[SourceDate "2024.10.14"]
[SourceVersion "1"]
[SourceVersionDate "2024.10.14"]
[SourceQuality "1"]

1. e4 c5 2. Nf3 e6 3. d4 cxd4 4. Nxd4 Nf6 5. Nc3 Nc6 6. Ndb5 Bc5 7. Nd6+ Ke7 8. Bf4 e5 9. Nf5+ Kf8 10. Bg5 d6 11. Ne3 h6 12. Bh4 Bxe3 13. fxe3 g5 14. Bg3 Be6 15. Qd2 Kg7 16. 0-0-0 Qb6 17. Be2 Rad8 18. Nd5 Bxd5 19. exd5 Nb4 20. Bc4 Rc8 21. Bb3 Ne4 22. Qe2 Nc5 23. Kb1 Nxb3 24. cxb3 Rc2 25. Rd2 Rhc8 26. Rhd1 Qa5 27. a3 R2c5 28. axb4 Qxb4 29. Qd3 a5 30. h4 a4 31. bxa4 Qxa4 32. Qa3 Qe8 33. hxg5 hxg5 34. Qb4 Ra8 35. Rd3 1-0

[Event "Titled Tuesday intern op 09th Jul Early"]
[Site "Chess.com INT"]
[Date "2024.07.09"]
[Round "4"]
[White "Navia Alvarez, Edwin Adrian"]
[Black "Slade, Theodore"]
[Result "1/2-1/2"]
[WhiteElo "2053"]
[BlackElo "2109"]
[PlyCount "111"]
[EventDate "2024.07.09"]
[EventType "swiss (blitz)"]
[EventRounds "11"]
[EventCountry "USA"]
[SourceTitle "EXT 2025"]
[Source "ChessBase"]
[SourceDate "2024.10.14"]
[SourceVersion "1"]
[SourceVersionDate "2024.10.14"]
[SourceQuality "1"]

1. e4 e5 2. Nf3 Nc6 3. Bb5 g6 4. c3 a6 5. Bxc6 dxc6 6. Nxe5 Qg5 7. d4 Qxg2 8. Qf3 Qxf3 9. Nxf3 Bg7 10. Bf4 Bg4 11. Ne5 Be6 12. Nd2 Nf6 13. f3 0-0-0 14. 0-0-0 Nd7 15. Nec4 Rhe8 16. Rhg1 Bxc4 17. Nxc4 Nf8 18. h4 Ne6 19. Be3 h5 20. Kc2 Bf6 21. Rh1 b6 22. Rdf1 Kb7 23. e5 Be7 24. f4 Ng7 25. Bf2 Nf5 26. Ne3 Nxe3+ 27. Bxe3 Rg8 28. Bf2 Rdf8 29. Kd3 a5 30. Ke4 f6 31. Bg3 fxe5 32. fxe5 Kc8 33. Rf4 Rxf4+ 34. Bxf4 Kd7 35. Bg3 Rf8 36. Bf4 Ke6 37. Rg1 Rg8 38. Bg5 Bxg5 39. Rxg5 b5 40. b3 a4 41. c4 bxc4 42. bxc4 Kf7 43. d5 cxd5+ 44. cxd5 Rb8 45. d6 cxd6 46. exd6 Rb2 47. Kd5 Rxa2 48. Kc6 Rc2+ 49. Kb5 a3 50. Rg3 a2 51. Ra3 Ke6 52. Ra6 Rb2+ 53. Kc5 Rc2+ 54. Kb5 Rh2 55. Kc6 Rc2+ 56. Kb5 1/2-1/2

[Event "Titled Tuesday intern op 28th May Late"]
[Site "Chess.com INT"]
[Date "2024.05.28"]
[Round "7"]
[White "Navia Alvarez, Edwin Adrian"]
[Black "Helmer, Jan"]
[Result "0-1"]
[WhiteElo "2053"]
[BlackElo "2214"]
[PlyCount "50"]
[EventDate "2024.05.28"]
[EventType "swiss (blitz)"]
[EventRounds "11"]
[EventCountry "USA"]
[SourceTitle "EXT 2025"]
[Source "ChessBase"]
[SourceDate "2024.10.14"]
[SourceVersion "1"]
[SourceVersionDate "2024.10.14"]
[SourceQuality "1"]

1. e4 c5 2. Nf3 d6 3. d4 cxd4 4. Nxd4 Nf6 5. Nc3 g6 6. Be3 Bg7 7. f3 0-0 8. Qd2 Nc6 9. 0-0-0 d5 10. exd5 Nxd5 11. Nxc6 bxc6 12. Bd4 e5 13. Bc5 Re8 14. Ne4 Qc7 15. h4 f5 16. Nd6 Rd8 17. Nxc8 Raxc8 18. Bc4 h5 19. g3 Kh7 20. Qe1 Nb6 21. Be6 Rxd1+ 22. Qxd1 Rd8 23. Qe2 e4 24. f4 Bxb2+ 25. Kxb2 Na4+ 0-1

[Event "Titled Tuesday intern op 28th May Late"]
[Site "Chess.com INT"]
[Date "2024.05.28"]
[Round "4"]
[White "Navia Alvarez, Edwin Adrian"]
[Black "Shapiro, Daniel E"]
[Result "1-0"]
[WhiteElo "2053"]
[BlackElo "2284"]
[PlyCount "85"]
[EventDate "2024.05.28"]
[EventType "swiss (blitz)"]
[EventRounds "11"]
[EventCountry "USA"]
[SourceTitle "EXT 2025"]
[Source "ChessBase"]
[SourceDate "2024.10.14"]
[SourceVersion "1"]
[SourceVersionDate "2024.10.14"]
[SourceQuality "1"]

1. e4 c5 2. Nf3 Nc6 3. d4 cxd4 4. Nxd4 Nf6 5. Nc3 d6 6. Bg5 Qb6 7. Nb3 e6 8. Be3 Qc7 9. f4 a6 10. Bd3 Be7 11. Qe2 b5 12. 0-0-0 Bb7 13. g4 h6 14. Kb1 Rc8 15. h4 h5 16. g5 Ng4 17. Bg1 b4 18. Na4 0-0 19. Nb6 Rb8 20. Bxa6 Bxa6 21. Qxa6 Rb7 22. Nc4 Rbb8 23. Ne3 Ra8 24. Qd3 Rfd8 25. Nxg4 hxg4 26. h5 e5 27. g6 exf4 28. h6 gxh6 29. Rxh6 Kg7 30. Rh1 Ne5 31. Bd4 fxg6 32. Qe2 Qd7 33. Bxe5+ dxe5 34. Rxd7 Rxd7 35. Qxg4 Rda7 36. Nc1 Rd8 37. Rg1 Ra6 38. Qe2 Rf6 39. Qb5 f3 40. Qxe5 f2 41. Qxe7+ Rf7 42. Qe5+ Kf8 43. Rf1 1-0

[Event "Titled Tuesday intern op 28th May Late"]
[Site "Chess.com INT"]
[Date "2024.05.28"]
[Round "5"]
[White "Rodriguez Lopez, David"]
[Black "Navia Alvarez, Edwin Adrian"]
[Result "0-1"]
[WhiteElo "2191"]
[BlackElo "2053"]
[PlyCount "112"]
[EventDate "2024.05.28"]
[EventType "swiss (blitz)"]
[EventRounds "11"]
[EventCountry "USA"]
[SourceTitle "EXT 2025"]
[Source "ChessBase"]
[SourceDate "2024.10.14"]
[SourceVersion "1"]
[SourceVersionDate "2024.10.14"]
[SourceQuality "1"]

1. e4 d5 2. exd5 Qxd5 3. Qf3 Nf6 4. Qxd5 Nxd5 5. d4 Bf5 6. c3 Nc6 7. Bb5 e6 8. Ne2 Bd6 9. 0-0 0-0 10. Nd2 a6 11. Bxc6 bxc6 12. Nc4 Rab8 13. Re1 Rfe8 14. Ne3 Bd3 15. Nxd5 cxd5 16. b4 a5 17. a3 Rb7 18. Bf4 Bf8 19. Bg3 h6 20. h3 Ra8 21. Nf4 Be4 22. Red1 Rba7 23. Rac1 axb4 24. axb4 Ra2 25. Nd3 c6 26. Nc5 Bf5 27. Nd7 Be7 28. Ne5 R8a6 29. Bf4 f6 30. Nf3 g5 31. Be3 Kf7 32. Rd2 Bd6 33. Kf1 Be4 34. Rxa2 Rxa2 35. Nd2 Bd3+ 36. Ke1 e5 37. dxe5 fxe5 38. f3 Ke6 39. Kf2 d4 40. cxd4 Bxb4 41. Rd1 exd4 42. Bxd4 Rxd2+ 43. Rxd2 Bxd2 44. Bg7 h5 45. g4 hxg4 46. fxg4 c5 47. Bh6 c4 48. h4 c3 49. hxg5 c2 50. g6 Bxh6 51. g7 Bxg7 52. g5 c1Q 53. Kf3 Qd2 54. Kg4 Qe2+ 55. Kh4 Qe4+ 56. Kh5 Be2# 0-1

[Event "Titled Tuesday intern op 21st May Late"]
[Site "Chess.com INT"]
[Date "2024.05.21"]
[Round "3"]
[White "Lalanne, Pablo"]
[Black "Navia Alvarez, Edwin Adrian"]
[Result "0-1"]
[WhiteElo "2208"]
[BlackElo "2053"]
[PlyCount "80"]
[EventDate "2024.05.21"]
[EventType "swiss (blitz)"]
[EventRounds "11"]
[EventCountry "USA"]
[SourceTitle "CBM 220 Extra"]
[Source "ChessBase"]
[SourceDate "2024.07.31"]
[SourceVersion "1"]
[SourceVersionDate "2024.07.31"]
[SourceQuality "1"]

1. e4 d5 2. exd5 Qxd5 3. Nc3 Qa5 4. d4 Nf6 5. Nf3 Bf5 6. Bc4 c6 7. Ne5 e6 8. g4 Be4 9. 0-0 Bd5 10. Bd3 Nbd7 11. Nxd7 Nxd7 12. Qe2 Be7 13. Bd2 Qc7 14. Nd1 c5 15. c4 Bc6 16. d5 exd5 17. Re1 Nb6 18. Bf4 Qd8 19. Nc3 dxc4 20. Bf5 Kf8 21. Rad1 Qe8 22. Qe5 Rd8 23. Bh6 f6 24. Rxd8 Qxd8 25. Qf4 Qd6 26. Qc1 Nd5 27. Ne4 Qc7 28. Bd2 Kf7 29. g5 fxg5 30. Bxg5 Bxg5 31. Nxg5+ Kf6 32. Bh3 Qf4 33. Re6+ Kxg5 34. Re5+ Kf6 35. Rf5+ Qxf5 36. Bxf5 Kxf5 37. Qxc4 Nf4 38. Qxc5+ Bd5 39. Qxa7 Re8 40. Kf1 Bc4+ 0-1

[Event "Titled Tuesday intern op 30th Apr Early"]
[Site "Chess.com INT"]
[Date "2024.04.30"]
[Round "2"]
[White "Navia Alvarez, Edwin Adrian"]
[Black "Stojanovski, Sandi"]
[Result "0-1"]
[WhiteElo "2053"]
[BlackElo "2169"]
[PlyCount "68"]
[EventDate "2024.04.30"]
[EventType "swiss (blitz)"]
[EventRounds "11"]
[EventCountry "USA"]
[SourceTitle "CBM 220 Extra"]
[Source "ChessBase"]
[SourceDate "2024.07.31"]
[SourceVersion "1"]
[SourceVersionDate "2024.07.31"]
[SourceQuality "1"]

1. e4 d6 2. d4 Nf6 3. Nc3 g6 4. f4 Bg7 5. Nf3 0-0 6. Bd3 Nc6 7. a3 e5 8. d5 Ne7 9. fxe5 dxe5 10. Bg5 c6 11. Bc4 cxd5 12. Bxd5 h6 13. Bxf6 Bxf6 14. 0-0 Qb6+ 15. Kh1 Qxb2 16. Qd3 Qb6 17. Rab1 Qc7 18. Nb5 Qc5 19. c4 Nxd5 20. cxd5 Bd7 21. Rfc1 Bxb5 22. Qxb5 Qxb5 23. Rxb5 Rfc8 24. Rbb1 b5 25. g3 Rxc1+ 26. Rxc1 a5 27. Rb1 Rb8 28. Kg2 b4 29. axb4 Rxb4 30. Ra1 a4 31. Re1 Rb2+ 32. Kh3 a3 33. Re3 Be7 34. Nxe5 a2 0-1

[Event "Titled Tuesday intern op 05th Mar Late"]
[Site "Chess.com INT"]
[Date "2024.03.05"]
[Round "5"]
[White "Navia Alvarez, Edwin Adrian"]
[Black "Dubessay, Bastien"]
[Result "0-1"]
[WhiteElo "2053"]
[BlackElo "2255"]
[PlyCount "62"]
[EventDate "2024.03.05"]
[EventType "swiss (blitz)"]
[EventRounds "11"]
[EventCountry "USA"]
[SourceTitle "EXT 2025"]
[Source "ChessBase"]
[SourceDate "2024.10.14"]
[SourceVersion "1"]
[SourceVersionDate "2024.10.14"]
[SourceQuality "1"]

1. Nf3 Nf6 2. b3 g6 3. Bb2 Bg7 4. e3 0-0 5. c4 d6 6. d4 Nbd7 7. Nbd2 a5 8. a3 c6 9. Be2 Re8 10. 0-0 e5 11. Qc2 e4 12. Ne1 Nf8 13. Bc3 h5 14. Qb2 d5 15. Nc2 h4 16. h3 N8h7 17. f4 exf3 18. Bxf3 Ng5 19. Rae1 Nfe4 20. Nxe4 Nxe4 21. Bxe4 Rxe4 22. Rf4 Bf5 23. Ref1 Qg5 24. Qc1 Rae8 25. Bd2 Bxh3 26. R1f2 Bf5 27. Ne1 h3 28. Nf3 Qg3 29. Qf1 Rxf4 30. exf4 Be4 31. Be1 Bxf3 0-1

[Event "Titled Tuesday intern op 20th Feb Late"]
[Site "Chess.com INT"]
[Date "2024.02.20"]
[Round "5"]
[White "Navia Alvarez, Edwin Adrian"]
[Black "Estrada Nieto, Julian"]
[Result "1/2-1/2"]
[WhiteElo "2053"]
[BlackElo "2199"]
[PlyCount "224"]
[EventDate "2024.02.20"]
[EventType "swiss (blitz)"]
[EventRounds "11"]
[EventCountry "USA"]
[SourceTitle "EXT 2025"]
[Source "ChessBase"]
[SourceDate "2024.10.14"]
[SourceVersion "1"]
[SourceVersionDate "2024.10.14"]
[SourceQuality "1"]

1. Nf3 d5 2. d4 Nf6 3. b3 Bf5 4. e3 e6 5. Bb2 Bd6 6. Nbd2 0-0 7. c4 c6 8. Be2 h6 9. 0-0 Nbd7 10. Ne5 Qe7 11. f4 Ba3 12. Bc3 Bb4 13. Bb2 Ne4 14. Nxe4 Bxe4 15. a3 Bd6 16. Bd3 Bxd3 17. Qxd3 Nf6 18. Nf3 a5 19. Nd2 Rfd8 20. e4 dxe4 21. Nxe4 Nxe4 22. Qxe4 c5 23. Kh1 Qc7 24. a4 cxd4 25. Qxd4 Bf8 26. Qc3 Qc5 27. Rad1 Qb4 28. Qxb4 Bxb4 29. g3 f6 30. Kg2 Kf7 31. Kf3 h5 32. h3 Rd6 33. Rxd6 Bxd6 34. Rd1 Ra6 35. Ke4 f5+ 36. Kf3 g6 37. Bc3 Ke7 38. Rd3 Rb6 39. Bd4 Rc6 40. Bc3 b6 41. Bd4 Bc5 42. Be5 Bd6 43. Bd4 Bc7 44. g4 hxg4+ 45. hxg4 Rd6 46. gxf5 gxf5 47. Ke3 Rd8 48. Kf3 Rg8 49. Be3 Rh8 50. c5 Rb8 51. cxb6 Bxb6 52. Bd2 Rh8 53. Bc3 Rh3+ 54. Ke2 Rh2+ 55. Kf3 Rc2 56. Be5 Rf2+ 57. Kg3 Re2 58. b4 axb4 59. Bd6+ Ke8 60. Bxb4 Ra2 61. a5 Bxa5 62. Bxa5 Rxa5 63. Rd6 Ke7 64. Rb6 Ra3+ 65. Kh4 Ra1 66. Rb7+ Kf6 67. Rb8 Rh1+ 68. Kg3 Rg1+ 69. Kf2 Rg4 70. Kf3 Rh4 71. Rb7 Rh3+ 72. Kf2 Rc3 73. Rb8 Rc4 74. Kf3 Re4 75. Rf8+ Kg6 76. Re8 Kg7 77. Rd8 Kf7 78. Rd7+ Kg6 79. Re7 Kh5 80. Rg7 Kh6 81. Rg5 Re1 82. Rg2 Rf1+ 83. Ke3 Kh5 84. Rg5+ Kh4 85. Rg6 Re1+ 86. Kf3 Rf1+ 87. Ke3 Kh3 88. Rg5 Re1+ 89. Kf3 Rf1+ 90. Ke3 Kh2 91. Rh5+ Kg2 92. Rg5+ Kh3 93. Rg6 Re1+ 94. Kf2 Re4 95. Kf3 Kh2 96. Rh6+ Kg1 97. Rg6+ Kf1 98. Rh6 Ke1 99. Rh1+ Kd2 100. Rh2+ Kd3 101. Rh6 Re3+ 102. Kf2 Kd4 103. Kg2 Re4 104. Kf3 Kd3 105. Rg6 Re3+ 106. Kf2 Re2+ 107. Kf3 Re4 108. Rh6 Kd4 109. Rg6 Kd5 110. Rh6 Ra4 111. Rg6 Ra3+ 112. Kf2 Ra6 1/2-1/2

[Event "Titled Tuesday intern op 20th Feb Late"]
[Site "Chess.com INT"]
[Date "2024.02.20"]
[Round "2"]
[White "Navia Alvarez, Edwin Adrian"]
[Black "Maltsevskaya, Aleksandra"]
[Result "0-1"]
[WhiteElo "2053"]
[BlackElo "2374"]
[PlyCount "110"]
[EventDate "2024.02.20"]
[EventType "swiss (blitz)"]
[EventRounds "11"]
[EventCountry "USA"]
[SourceTitle "EXT 2025"]
[Source "ChessBase"]
[SourceDate "2024.10.14"]
[SourceVersion "1"]
[SourceVersionDate "2024.10.14"]
[SourceQuality "1"]

1. Nf3 Nf6 2. b3 g6 3. Bb2 Bg7 4. e3 d6 5. c4 0-0 6. Be2 e5 7. 0-0 Nbd7 8. d4 exd4 9. exd4 a5 10. Nc3 Re8 11. Qd2 c6 12. Rfe1 Ne4 13. Nxe4 Rxe4 14. Bd3 Rxe1+ 15. Rxe1 a4 16. Bc3 axb3 17. axb3 Nf6 18. Qb2 Bg4 19. Nd2 d5 20. h3 Be6 21. Nf3 Nd7 22. Qd2 dxc4 23. bxc4 Nb6 24. Qb2 Nxc4 25. Bxc4 Bxc4 26. Qxb7 Bd5 27. Nd2 Rb8 28. Qa7 h5 29. Ne4 h4 30. Nc5 Ra8 31. Qd7 Qxd7 32. Nxd7 Ra3 33. Bb2 Rb3 34. Ba1 Rd3 35. Ne5 Ra3 36. Bb2 Ra2 37. Ba1 Kh7 38. Nd3 Bf8 39. Nf4 Rd2 40. Bc3 Rc2 41. Ba1 Bb4 42. Rd1 Bd2 43. Nd3 f6 44. Nc5 g5 45. Kf1 Bc4+ 46. Kg1 Kg6 47. Ne4 Bf4 48. Nc3 Bb3 49. Rf1 Bc7 50. Ne4 Bc4 51. Rd1 Ba5 52. Nc5 f5 53. d5 Bxd5 54. Bd4 Bc7 55. Be3 g4 0-1

[Event "Titled Tuesday intern op 20th Feb Late"]
[Site "Chess.com INT"]
[Date "2024.02.20"]
[Round "6"]
[White "Tsatsalashvili, Ketevan"]
[Black "Navia Alvarez, Edwin Adrian"]
[Result "1-0"]
[WhiteElo "2315"]
[BlackElo "2053"]
[PlyCount "89"]
[EventDate "2024.02.20"]
[EventType "swiss (blitz)"]
[EventRounds "11"]
[EventCountry "USA"]
[SourceTitle "EXT 2025"]
[Source "ChessBase"]
[SourceDate "2024.10.14"]
[SourceVersion "1"]
[SourceVersionDate "2024.10.14"]
[SourceQuality "1"]

1. d4 d5 2. Nf3 Nf6 3. c4 e6 4. e3 Be7 5. Nc3 Nbd7 6. b3 c5 7. cxd5 exd5 8. Bb2 0-0 9. Bd3 b6 10. 0-0 Bb7 11. Ne5 Re8 12. f4 Nf8 13. Bb5 N8d7 14. Qf3 Qc7 15. Qh3 Red8 16. Rac1 a6 17. Bd3 Qd6 18. g4 Nf8 19. g5 N6d7 20. Ba3 Qb8 21. Qf5 f6 22. Nxd7 Rxd7 23. gxf6 gxf6 24. Rf3 Qe8 25. Rg3+ Kh8 26. Rc2 cxd4 27. Rcg2 Ng6 28. Rxg6 hxg6 29. Qh3+ Kg7 30. Rxg6+ Qxg6+ 31. Bxg6 Kxg6 32. Qxd7 Bxa3 33. Qxb7 dxc3 34. Qxa8 c2 35. Qg8+ Kh6 36. Qh8+ Kg6 37. f5+ Kf7 38. Qh7+ Kf8 39. Qh6+ Kf7 40. Qg6+ Kf8 41. Qxf6+ Kg8 42. Qe6+ Kg7 43. f6+ Kh7 44. Qf5+ Kg8 45. Qxc2 1-0